000 02139cam a2200289 4500500
005 20260111094243.0
041 _afre
042 _adc
100 1 0 _aCornu, Pierre
_eauthor
245 0 0 _aDéprise agraire et reboisement
260 _c2003.
500 _a31
520 _aRésuméEntre le milieu du xixe siècle et le dernier quart du xxe siècle, les hautes vallées cévenoles connaissent un double mouvement de déprise agraire et de reboisement étatique qui se traduit par une augmentation paradoxale de la conflictualité, l’arbre devenant à la fois le moyen concret et le symbole d’une éviction des pasteurs-cultivateurs de leur propre espace de vie. Les sources de cette « guerre de l’arbre », qui agite les Cévennes pendant plus d’un siècle, sont une occasion rare pour l’historien de poser la question de l’articulation des enjeux matériels et symboliques dans l’évolution du rapport à l’espace rural, compris à la fois comme terroir et comme paysage.
520 _aFrom the middle of the xixth century to the last quarter of the xxth century, the upper valleys of the Cévennes experienced a far-reaching movement of depopulation, which, together with a State decision to promote reforestation on the main summits and slopes, made for a conflict-ridden evolution. The reforestation process was seen by those peasants remaining in the area as an economic and symbolic dispossession. The rich and varied primary sources documenting this long-lasting conflict provide the historian with an opportunity to link material and symbolic stakes, and to understand the process through which mountains becamee landscapes.
690 _aCévennes
690 _adéprise
690 _aémigration rurale
690 _aforêt
690 _apaysage
690 _areboisement
690 _aCévennes
690 _aforest
690 _alandscape
690 _arural exodus
786 0 _nHistoire & Sociétés Rurales | 20 | 2 | 2003-10-01 | p. 173-201 | 1254-728X
856 4 1 _uhttps://shs.cairn.info/revue-histoire-et-societes-rurales-2003-2-page-173?lang=fr&redirect-ssocas=7080
999 _c1628440
_d1628440